Szczegóły MARC21

Obyczaje, języki, ludy świata /

003 -Nazwa inst., której nr kontr. jest w polu 001 [,]
    • @
    • Nazwa instytucji, której n kontrolny jest w polu 001
    • NUKAT
005 -DATA I CZAS OSTATNIEJ MODYFIKACJI [,]
    • @
    • pole kontrolne
    • 20260413125334.0
020 -Międzynarod. znormalizowany nr książki - ISBN [ , ]
    • a
    • Numer ISBN
    • 8301148748 Find
020 -Międzynarod. znormalizowany nr książki - ISBN [ , ]
    • a
    • Numer ISBN
    • 9788301148744 Find
040 -Instytucja sporządzająca opis [ , ]
    • a
    • Instytucja, która sporządziła opis (NP)
    • WA U/96BG
    • c
    • Instytucja, która sporządziła rekord (NP)
    • WA U/BG
    • d
    • Instytucja, która zmodyfikowała rekord (P)
    • WA U/BG
    • d
    • Instytucja, która zmodyfikowała rekord (P)
    • WA U/96hjcs
    • d
    • Instytucja, która zmodyfikowała rekord (P)
    • WA N/PBbj
    • d
    • Instytucja, która zmodyfikowała rekord (P)
    • WA N/PBds
942 -Rodzaj dokumentu [ , ]
    • c
    • Rodzaj dokumentu
    • Książka
245 -Strefa tytułu i oznaczenia odpowiedzialności [0,0]
    • a
    • Tytuł
    • Obyczaje, języki, ludy świata / Find
    • c
    • Pozostałe elementy strefy tytułu i oznaczenia odpowiedzialności (NP)
    • [red. nacz. Bartłomiej Kaczorowski ; wyd. Sławomir Żurawski].
260 -Strefa adresu wydawniczego [ , ]
    • a
    • Miejsce wydania (P)
    • Warszawa :
    • b
    • Nazwa wydawcy (P)
    • Wydawnictwo Naukowe PWN,
    • c
    • Data wydania (P)
    • 2007.
300 -Strefa opisu fizycznego [ , ]
    • a
    • Określenie formy książki i/lub objętość (NP)
    • 845, [3] s. :
    • b
    • Oznaczenie ilustracji (NP)
    • il. kolor. ;
    • c
    • Format (NP)
    • 25 cm.
336 -Typ zawartości [ , ]
    • a
    • Termin opisujący typ zawartości
    • Tekst
    • b
    • Kod określający zawartość
    • txt
    • 2
    • Źródło (terminu i kodu)
    • rdacontent
337 -Typ mediów [ , ]
    • a
    • Tryb odtwarzania
    • Bez urządzenia pośredniczącego
    • b
    • Kod typu mediów
    • n
    • 2
    • Źródło (terminu i kodu)
    • rdamedia
338 -Typ/rodzaj nośnika [ , ]
    • a
    • Hasło opisujące typ nośnika
    • Wolumin
    • b
    • Kod typu nośnika
    • nc
    • 2
    • Źródło (terminu i kodu)
    • rdacarrier
380 -Deskryptor - Forma dzieła (P) [ , ]
    • a
    • forma dzieła (NP)
    • Książki
380 -Deskryptor - Forma dzieła (P) [ , ]
    • a
    • forma dzieła (NP)
    • Publikacje informacyjne
388 -Deskryptor - czas powstania dzieła (P) [1, ]
    • a
    • Czas powstania dzieła (NP)
    • 2001-
490 -Strefa serii i książki wielotomowej - forma nie do wyszukiwania [1, ]
    • a
    • Tytuł (P)
    • Encyklopedia PWN Find
830 -Hasło dodatkowe serii i opisu książki wielotomowej - tytuł ujednolicony/tytuł [ ,0]
    • a
    • Tytuł ujednolicony/tytuł (NP)
    • Encyklopedia PWN
    • 9
    • KHW
    • 24889
080 -Uniwersalna Klasyfikacja Dziesiętna [ , ]
    • 2
    • Identyfikator wydania tablic
    • UDC-P022
    • a
    • Symbol klasyfikacji
    • 314.1
    • b
    • Dopowiedzenie
    • Ogólne problemy demografii. Teorie ludnościowe. Populacjonizm. Maltuzjanizm. Neomaltuzjanizm. Teorie optymalnego zaludnienia. Polityka ludnościowa. Eksplozja demograficzna.
    • x
    • Poddział wspólny
    • (03)
    • b
    • Dopowiedzenie
    • (Encyklopedie. Słowniki encyklopedyczne. Wydawnictwa informacyjne).
080 -Uniwersalna Klasyfikacja Dziesiętna [ , ]
    • 2
    • Identyfikator wydania tablic
    • UDC-P022
    • a
    • Symbol klasyfikacji
    • 39
    • b
    • Dopowiedzenie
    • Etnologia. Etnografia. Zwyczaje i obyczaje. Folklor.
    • x
    • Poddział wspólny
    • (03)
    • b
    • Dopowiedzenie
    • (Encyklopedie. Słowniki encyklopedyczne. Wydawnictwa informacyjne).
080 -Uniwersalna Klasyfikacja Dziesiętna [ , ]
    • 2
    • Identyfikator wydania tablic
    • UDC-P022
    • a
    • Symbol klasyfikacji
    • 811
    • b
    • Dopowiedzenie
    • Poszczególne języki.
    • x
    • Poddział wspólny
    • (03)
    • b
    • Dopowiedzenie
    • (Encyklopedie. Słowniki encyklopedyczne. Wydawnictwa informacyjne).
080 -Uniwersalna Klasyfikacja Dziesiętna [ , ]
    • 2
    • Identyfikator wydania tablic
    • UDC-P022
    • a
    • Symbol klasyfikacji
    • 94(100)
    • b
    • Dopowiedzenie
    • Historia świata.
    • x
    • Poddział wspólny
    • (03)
    • b
    • Dopowiedzenie
    • (Encyklopedie. Słowniki encyklopedyczne. Wydawnictwa informacyjne).
650 -Hasło przedmiotowe [ ,7]
    • a
    • Hasło przedmiotowe
    • Etnografia
    • 2
    • Źródło terminu
    • DBN
    • 9
    • KHW
    • 723220
650 -Hasło przedmiotowe [ ,7]
    • a
    • Hasło przedmiotowe
    • Język
    • 2
    • Źródło terminu
    • DBN
    • 9
    • KHW
    • 723591
650 -Hasło przedmiotowe [ ,7]
    • a
    • Hasło przedmiotowe
    • Ludność
    • 2
    • Źródło terminu
    • DBN
    • 9
    • KHW
    • 723576
650 -Hasło przedmiotowe [ ,7]
    • a
    • Hasło przedmiotowe
    • Język i mowa
    • v
    • Określnik formalny
    • encyklopedie.
    • 2
    • Źródło terminu
    • kaba
    • 9
    • KHW
    • 458599
650 -Hasło przedmiotowe [ ,7]
    • a
    • Hasło przedmiotowe
    • Etnologia
    • v
    • Określnik formalny
    • encyklopedie.
    • 2
    • Źródło terminu
    • kaba
    • 9
    • KHW
    • 456404
650 -Hasło przedmiotowe [ ,7]
    • a
    • Hasło przedmiotowe
    • Obyczaje i zwyczaje
    • v
    • Określnik formalny
    • encyklopedie.
    • 2
    • Źródło terminu
    • kaba
    • 9
    • KHW
    • 458601
650 -Hasło przedmiotowe [ ,7]
    • a
    • Hasło przedmiotowe
    • Językoznawcy
    • v
    • Określnik formalny
    • biografie
    • v
    • Określnik formalny
    • słowniki.
    • 2
    • Źródło terminu
    • kaba
    • 9
    • KHW
    • 458600
655 -Hasło w funkcji tematu formalnego [ ,7]
    • a
    • Hasło
    • Encyklopedia
    • 2
    • Źródło terminu
    • DBN
    • 9
    • KHW
    • 723627
658 -Ujęcie treści [ , ]
    • a
    • dziedzina nauki i sztuki/ sfera aktywności życiowej
    • Językoznawstwo
980 -Symbol UKD [ , ]
    • a
    • UKD
    • 314.1:39:811:94(100)](03)
700 -Hasło dodatkowe - nazwa osobowa [1, ]
    • a
    • Nazwa osobowa (NP)
    • Kaczorowski, Bartłomiej Find
    • d
    • Daty biograficzne (NP)
    • (1960- ).
    • e
    • Określenie rodzaju współpracy
    • Red.
    • 9
    • KHW
    • 15573
700 -Hasło dodatkowe - nazwa osobowa [1, ]
    • a
    • Nazwa osobowa (NP)
    • Żurawski, Sławomir. Find
    • e
    • Określenie rodzaju współpracy
    • Red.
    • 9
    • KHW
    • 458665
710 -Hasło dodatkowe - nazwa ciała zbiorowego [2, ]
    • a
    • Nazwa ciała zbiorowego lub nazwa geograficzna jako pierwszy element (NP)
    • Wydawnictwo Naukowe PWN.
    • 4
    • Kod relacji
    • pbl
    • 9
    • KHW
    • 52648
920 -ISBN [ , ]
    • a
    • ISBN
    • 83-01-14874-8 Find
920 -ISBN [ , ]
    • a
    • ISBN
    • 978-83-01-14874-4 Find
Sygnatura Status udost. Numer inwentarzowy Lokalizacja Data inwentaryzacji
 1Bl.10895BG2007-10-30
Z1094211Z.109421BG2007-09-14
Pol. Nauki humanistyczne 15-3BC.10547BM2018-07-20
POL. Kultura - słowniki 171P.20752BM2007-09-14